000 00510nam a2200193Ia 4500
005 20250508164044.0
008 008 250505s9999 xx 000 0 hin d
037 _aTextBook
040 _aFEDL
_beng
_cFEDL
041 _ahin
_2hin
084 _a491.430 7, MAN/R
_qFEDL
100 _aMangal Uma
245 0 _aHindi shikshan
260 _aNew Delhi, India
_bArya Book Depot
_c2003
300 _a359p
365 _aINR
_b125
942 _cTB
_h491.430 7, MAN/R
999 _c1386826
_d1386826